banner-ar

THE MIDDLE EAST INTO THE 21th CENTURY / (Record no. 13952)

MARC details
000 -الفاتح
حقل البيانات ثابتة الطول 00507nam a2200193Ia 4500
008 - عناصر البيانات ثابتة الطول - معلومات عامة
حقل البيانات ثابتة الطول 140319s9999 xx 000 0 eng d
040 ## - مصدر الفهرسة
وكالة الفهرسة الأصلية GCL /
وكالة النسخ GCL
082 04 - رقم تصنيف ديوى العشرى
رقم التصنيف 956.05
رقم المادة M M
100 1# - المدخل الرئيسى - إسم شخصى
الإسم الشخصى MIZUTANI, NOBUKO
245 10 - بيان العنوان
العنوان THE MIDDLE EAST INTO THE 21th CENTURY /
بيان المسئوليه,etc MIZUTANI, NOBUKO
700 1# - المدخل الاضافى - اسم شخصى
الإسم الشخصى MALLAT, CHIBLI
260 ## - PUBLICATION, DISTRIBUTION, ETC. (IMPRINT)
تاريخ النشر أو التوزيع 1996
300 ## - الوصف المادى
التعداد 259 P
650 04 - المدخل الاضافى بالموضوع-مصطلح موضوعى
مصطلح موضوعي HISTORY
650 04 - المدخل الاضافى بالموضوع-مصطلح موضوعى
مصطلح موضوعي MIDDLE EAST
650 04 - المدخل الاضافى بالموضوع-مصطلح موضوعى
مصطلح موضوعي POLITICAL AND GOVERNMENT
942 ## - عناصر المدخل الإضافي( كوها)
مصدر التصنيف او مخطط الترفيف Dewey Decimal Classification
Koha [default] item type كتاب
260 ## - PUBLICATION, DISTRIBUTION, ETC. (IMPRINT)
-- [S.N] :
-- ITHACA PRESS ،
Holdings
حالة التراجع حالة الفقد حالة تلف ليس للاعارة المكان المؤقت الموقع الحالى تاريخ الاكتساب اجمالي اﻻعارات رقم الطلب الباركود تاريخ اخر مشاهدة تاريخ تفعيل السعر نوع وعاء كوها
        مكتبة القاهرة الكبرى مكتبة القاهرة الكبرى 03/26/2014   956.05\M M 26381 03/26/2014 03/26/2014 كتاب

Powered By

EGPV